Statistics for Bournemouth Trivia

Click here to take the quiz!

General Stats

  • This quiz has been taken 272 times
    (98 since last reset)
  • The average score is 7 of 15

Answer Stats

QuestionAnswer% Correct
What is Bournemouth's nickname?The {Cherries}
93%
Bournemouth's red and black stripes were first used in 1971 and were based on the kit of which European giants?AC Milan
78%
What is the name of Bournemouth's current stadium?Vitality Stadium
74%
With which club does Bournemouth contest the misnomered New Forest Derby?Southampton
67%
Who played for Bournemouth over 300 times as a player, before spending a successful eleven years across two spells as manager?Eddie Howe
64%
Who is the current manager of Bournemouth?Andoni Iraola
56%
Which player spent over a decade at Bournemouth, making 389 appearances for the club, before leaving in 2022, having spent his final season-and-a-half as club captain?Steve Cook
52%
Who is Bournemouth's record signing, arriving from Levante for £25m in 2018?Jefferson Lerma
48%
Which player did Bournemouth sign for £20m in 2017 and sell three years later for £41m, both of which were then-club record fees?Nathan Aké
47%
Which European Cup and Ballon d'Or winner made 5 appearances for Bournemouth in 1983?George Best
31%
Under what name was Bournemouth founded in 1899?Boscombe
29%
What is the surname of the father-and-son duo, who, between them, amassed 137 appearances as players, with the father also spending 9 years as manager?(Harry and Jamie) Redknapp
26%
Which Englishman holds the record for most Bournemouth appearances with 726?Steve Fletcher
25%
Bournemouth's current badge bears the facial profile of which legendary forward, who scored 85 goals in 179 games for the club from 1957 until 1962?Dickie Dowsett
10%
Which Englishman is Bournemouth's all-time record goalscorer with 229?Ron Eyre
10%

Score Distribution

Percentile by Number Answered

Percent of People with Each Score

Your Score History

You have not taken this quiz since the last reset